000 00298nam a22001337a 4500
008 170301b xxu||||| |||| 00| 0 eng d
020 _a9781416039983
041 _aeng
080 _25 ED
_a61
100 _a6
101 _aSHM
245 _aANESTHESIA EXISTING DISEASE
_cHINES.R.L
942 _2udc
_cBK
999 _c6491
_d6491